000 00931 a2200289 4500
999 _c200421385
_d38360
001 200421385
003 TR-AnTOB
005 20230614145900.0
008 150218s tu 000 0
020 _a9786055373337
040 _aTR-AnTOB
_btur
_erda
_cTR-AnTOB
041 0 _atur
050 0 0 _aKKX3220
_b.S26 2011
090 _aKKX3220 .S26 2011
111 1 _9104350
_aHakim Durumun Kötüye Kullanılması
_d(22 Haziran 2010 :
_cİstanbul)
245 1 0 _aHakim durumun kötüye kullanılması :
_bsorunlar ve çözüm önerileri /
_ceditör Kerem Cem Sanlı.
264 _aİstanbul:
_bXII Levha,
_c2011.
300 _axiii, 601 p. ;
_c23 cm.
336 _atext
_2rdacontent
_btxt
337 _aunmediated
_2rdamedia
_bn
338 _avolume
_2rdacarrier
_bnc
490 0 _aXII Levha ;
_vYayın no: 212.
650 0 _aAntitröst hukuku
_zTürkiye
_941768
700 1 _aSanlı, Kerem Cem
_9104349
942 _cBK
_2lcc